La alta gerencia rumbo al siglo 21 /

Saved in:
Bibliographic Details
Other Authors: Serra Puche, Jaime (autor) (autor)
Format: Book
Language:Español
Published: México : Instituto Mexicano de Contadores Públicos : Colegio de Contadores Públicos de México, 1992, c1992
Tags: Add Tag
No Tags, Be the first to tag this record!

MARC

LEADER 00000nam^a2200000^a^4500
001 000427302
005 20250526000000.0
009 20260310122804.039
020 |a 968-6037-77-2 
037 |a Acervo ITESO - Biblioteca 
041 |a ESP 
091 |a FHM. 03257 
245 0 3 |a La alta gerencia rumbo al siglo 21 / 
264 4 |a México :  |b Instituto Mexicano de Contadores Públicos :  |b Colegio de Contadores Públicos de México,  |c 1992, c1992 
300 |a 454 p. ;  |c 28.0 cm. 
336 |a texto  |b txt  |2 rdacontenido 
337 |a sin mediación  |b n  |2 rdamedio 
338 |a volumen  |b nc  |2 rdasoporte 
649 |a XX 
700 |a Serra Puche, Jaime  |e (autor) 
910 |a Fondo Hugo B. Margáin 
920 |a Impresos - Libros 
930 |a Libros Antiguos y Raros 
905 |a 126 
901 |a 0500304936  |b IT2  |c LRA  |i D111965  |u 20250526 
902 |a https://opac.biblio.iteso.mx/vufind/Record/000427302